00732nam a2200205Ia 4500008004100000100002100041245017600062260001100238300002000249440004100269521000900310650001200319650003100331650002300362650001300385650001800398942000700416999001900423952008400442140626s9999 xx 000 0 und d aJenkins, Robert. 4aThe Role of nurses in meeting the health care needs of olders people with intellectual disabilities :b a review of the published literature /cRobert Jenkins ... [et al.] cc2012. a16 : 2, page 85 aJournal of Intellectual Disabilities aSPED aHealth. aIntellectual disabilities. aLiterature review. aNursing. aOlder people. cSE c120941d120941 001040aCLbCLcPERd2014-06-26l0pS0049r2014-06-26 00:00:00w2014-06-26ySE